000 00410nam a22001697a 4500
999 _c1363
_d1363
005 20210914103505.0
008 160521b xxu||||| |||| 00| 0 eng d
020 _a81-224-1414-1
041 _aeng
082 _b4029
100 _aSampat Mukherjee
_91000
245 _aModern Economics Theory
260 _aNew Delhi
_bAcademic Faundation
_c2008
300 _a985
650 _aManagement
_9241
942 _cBK